Jižní Afrika: získají Afrikánci vlastní stát?

Stručná politicko-ekonomická charakteristika Juhoafrickej republiky. Štátoprávne usporiadanie. Polarizácia afrických strán. Projekty africkej nezávislosti. Strany afrického štátu. Ekonomika Juhoafrickej republiky.

Salvato in:
Dettagli Bibliografici
Autore principale: Emmert, František
Natura: Capitolo di libro
Lingua:ceco
Soggetti:
Tags: Aggiungi Tag
Nessun Tag, puoi essere il primo ad aggiungerne!!

MARC

LEADER 00000naa a2200000 4500
001 r044556
005 20231004105149.6
041 0 |a cze 
044 |a CZ 
245 1 0 |a Jižní Afrika: získají Afrikánci vlastní stát?  |c František Emmert 
520 |a Stručná politicko-ekonomická charakteristika Juhoafrickej republiky. Štátoprávne usporiadanie. Polarizácia afrických strán. Projekty africkej nezávislosti. Strany afrického štátu. Ekonomika Juhoafrickej republiky. 
610 2 0 |a situácia hospodárska 
610 2 0 |a situácia sociálna 
610 2 0 |a Juhoafrická republika 
610 2 0 |a politika 
610 2 0 |a nezávislosť 
610 2 0 |a náboženstvo 
610 2 0 |a usporiadanie krajiny 
610 2 0 |a Afrika 
100 1 |a Emmert, František